LDR 00992naa#a2200181#i#450# 001 RU\\bibl\126714 005 20260630002512.2 011 ## _a2223-9987 100 ## _a20260629b2026####ek#y0rusy0150####ca 102 ## _aRU 200 1# _aТрансформация ценностных установок российского аудиторского рынка: текущее состояние и перспективы развития _eЖурнальная статья 210 1# _aСанкт-Петербург _cФГБОУ ВО "Петербургский государственный университет путей сообщения Императора Александра I" _d2026 215 ## _a11 с. 608 ## _aЖурнальная статья _2local 675 ## _aПроверка отчетности. Аудит. Ревизия. 657.6 _z 700 #1 _aСацук _gТатьяна Павловна 700 #1 _aАфанасьева _gАнастасия Юрьевна 856 4# _aatjournal.ru _u